| 000 | 00700nam a2200205 i 4500 | ||
|---|---|---|---|
| 001 | bg | ||
| 100 | 1 | _aMAJKA, Krzysztof | |
| 245 | 1 | 0 |
_aNauczanie maszynoznawstwa rolniczego i techniki rolniczej w uczelniach polskich / _cKrzysztof Majka ; Politechnika Lubelska. |
| 260 |
_aLublin : _bWydawnictwa Uczelniane PL, _c1994. |
||
| 300 |
_a186 s. : _bfot., portr. ; _c24 cm. |
||
| 504 | _aBibliogr. s. 95-98. - Indeks. | ||
| 650 | 9 |
_aRolnictwo _xtechnika _xszkolnictwo wyższe _xhistoria _zPolska |
|
| 020 | _a8386333804 | ||
| 040 | _cBPK | ||
| 041 | 0 | _apol | |
| 080 | _a378.663:372.863.13+372.863.117](438)(091) | ||
| 920 | _a83-86333-80-4 | ||
| 942 | _cKS | ||
| 008 | s pl f |000 0 pol | ||
| 999 |
_c30732 _d30732 |
||
| 856 |
_uhttp://koha.tu.koszalin.pl/cgi-bin/koha/opac-detail.pl?biblionumber=30732 _yKatalog online BPK |
||